|
|
|
|
| LEADER |
00747cam a2200229 7i4500 |
| 001 |
0000034236 |
| 005 |
20170407090000.0 |
| 007 |
##ta |
| 008 |
170407t20172017-uk eng |
| 022 |
0 |
# |
|a 20538359
|
| 040 |
# |
# |
|a MATR
|
| 090 |
0 |
0 |
|a MORC 610.284
|b MOR
|
| 245 |
0 |
0 |
|a Morocco Medical Devices Report :
|b Q2 2017.
|
| 264 |
# |
1 |
|a London:
|b Business Monitor International,
|c 2017.
|
| 264 |
# |
4 |
|a ♭2017.
|
| 300 |
# |
# |
|a 133 pages:
|b illustrations;
|c 30 cm.
|
| 336 |
# |
# |
|a text
|2 rdacontent
|
| 337 |
# |
# |
|a unmediated
|2 rdamedia
|
| 338 |
# |
# |
|a volume
|2 rdacarrier
|
| 650 |
# |
0 |
|a Medical devices --
|x Markets --
|z Morocco
|
| 650 |
# |
0 |
|a Medical instruments and apparatus --
|x Markets --
|z Morocco
|
| 999 |
|
|
|a B000038778
|b Book
|c Countries
|e Business Information Centre
|